000 00683nam a2200205Ia 4500
005 20230518140759.0
008 210716s2002 xx 000 0 und d
020 _a8126501731
040 _cAIMIT LIBRARY
041 _aeng
082 _a004.601
_21
_bFOSL
100 _aFoster, Lonnon R.
_9108265
245 _aPalm OS (wireless+ mobile) programming bible /
_cBy Lonnon R Foster.
260 _aNew Delhi :
_bIDG Books India (P) Ltd ,
_c2002.
300 _axx,892p. ;
_bPB
_c23.5 cm
650 _aCreating palm OS applications
_9108266
650 _aProgramming the palm OS
_9108267
650 _aCommunicating outside the handheld
_9108268
942 _2ddc
_cBK
_e1st
_k004.601 FOSL
999 _c184249
_d184249